Jettatore : locos de verano /
Guardado en:
| Autor Principal: | |
|---|---|
| Formato: | Libro |
| Publicado: |
Buenos Aires :
Eudeba,
1964
|
| Series: | Del Siglo y Medio
|
| Materias: | |
| Etiquetas: |
Agregar Etiqueta
Sin Etiquetas, Sea el primero en etiquetar este registro!
|
| LEADER | 00584nam a22002055a 4500 | ||
|---|---|---|---|
| 001 | CEM.cems003690 | ||
| 005 | 20110518211318.0 | ||
| 008 | 130507s1964##################000#0#####d | ||
| 003 | CEMS | ||
| 082 | 0 | 4 | |a A862.3 |
| 100 | 1 | |a Laferrere, Gregorio De | |
| 245 | 1 | 0 | |a Jettatore : |b locos de verano / |c Gregorio de Laferrere |
| 260 | |a Buenos Aires : |b Eudeba, |c 1964 | ||
| 300 | |a 165 p. | ||
| 490 | 0 | |a Del Siglo y Medio | |
| 653 | |a Literatura | ||
| 653 | |a Literatura argentina | ||
| 653 | |a Teatro | ||
| 653 | |a Teatro argentino | ||
| 859 | |a CEMS |b BIB. CEMS - 11 de abril |h A862.3 |i L131-1 |p 8550.80 |t Ej.1 | ||
